Estadísticas para Municipios de Nariño - Map Quiz

Haz click aquí para intentar la prueba.

Estadísticas generales

  • Esta prueba ha sido intentada 11 veces
    (10 desde el último reinicio)
  • La puntuación promedio es 39 de 64

Respuestas en el mapa

Las respuestas están codificadas por una escala verde-roja en el mapa de la prueba según el % correcto abajo.
 

Estadísticas de respuestas

Respuesta% Correcto
PASTO
100%
TUMACO
100%
IPIALES
86%
LA TOLA
86%
TUQUERRES
86%
BELEN
71%
BUESACO
71%
CHACHAGUI
71%
CUMBAL
71%
EL CHARCO
71%
EL ROSARIO
71%
EL TAMBO
71%
FUNES
71%
ILES
71%
LA CRUZ
71%
LA UNION
71%
LEIVA
71%
LINARES
71%
LOS ANDES
71%
POLICARPA
71%
PROVIDENCIA
71%
PUPIALES
71%
SAMANIEGO
71%
SAN BERNARDO
71%
SANDONA
71%
SAN PEDRO DE CARTAGO
71%
TAMINANGO
71%
ALBAN
57%
BARBACOAS
57%
COLON
57%
CORDOBA
57%
EL TABLON DE GÓMEZ
57%
FRANCISCO PIZARRO
57%
GUAITARILLA
57%
GUALMATAN
57%
IMUES
57%
LA LLANADA
57%
MAGÜÍ PAYAN
57%
NARIÑO
57%
OSPINA
57%
PUERRES
57%
ROBERTO PAYAN
57%
SAN LORENZO
57%
SAN PABLO
57%
SANTA CRUZ
57%
SAPUYES
57%
YACUANQUER
57%
ALDANA
43%
ANCUYA
43%
ARBOLEDA
43%
CONSACA
43%
CONTADERO
43%
CUASPUD
43%
CUMBITARA
43%
GUACHUCAL
43%
LA FLORIDA
43%
MALLAMA
43%
OLAYA HERRERA
43%
POTOSI
43%
RICAURTE
43%
SANTA BARBARA
43%
TANGUA
43%
EL PEÑOL
29%
MOSQUERA
29%

Distribución de puntuación

Porcentaje por número respondido

Porcentaje de gente con cada puntuación

Historial de tus puntuaciones

No has intentado esta prueba desde el último reinicio